Tovaroznalectvo základy kvality a ochrany tovaru

Saved in:
Bibliographic Details
Main Author: Kollár, Vojtech
Corporate Author: Ekonomická univerzita v Bratislave. Obchodná fakulta
Other Authors: Repka, Ján, Jaloviar, Alexander, Fóti, Tibor, Sloboda, Štefan, Králiková, Elena
Format: Book
Language:Slovak
Published: Bratislava Ekonomická univerzita v Bratislave 1994
Edition:2. vyd.
Subjects:
Tags: Add Tag
No Tags, Be the first to tag this record!

MARC

LEADER 00000nam a2200000 4500
001 c005006
005 20221214074956.4
020 |a 80-225-0512-9 
041 0 |a slo 
044 |a SK 
245 1 0 |a Tovaroznalectvo  |b základy kvality a ochrany tovaru  |c Vojtech Kollár a kol. 
250 |a 2. vyd. 
264 1 |a Bratislava  |b Ekonomická univerzita v Bratislave  |c 1994 
300 |a 177 s. 
610 2 0 |a tovaroznalectvo 
610 2 0 |a mechanizmus trhový 
610 2 0 |a kvalita výrobkov 
610 2 0 |a vlastnosti tovaru úžitkové 
610 2 0 |a normalizácia technická 
610 2 0 |a certifikácia 
610 2 0 |a skúšobníctvo štátne 
610 2 0 |a tovar 
610 2 0 |a balenie 
610 2 0 |a skladovanie 
610 2 0 |a obaly 
100 1 |a Kollár, Vojtech 
700 1 |a Repka, Ján 
700 1 |a Jaloviar, Alexander 
700 1 |a Fóti, Tibor 
700 1 |a Sloboda, Štefan 
700 1 |a Králiková, Elena 
710 2 |a Ekonomická univerzita v Bratislave. Obchodná fakulta